=LDR 00000nam 2200000 4500 =001 INLIS000000000026983 =005 20130612125408 =008 ***********************************Ind** =035 ##$$0010-061300000026983 =041 ##$$a Ind =082 ##$$a 028.55 =090 ##$$a 028.55, Ber t =100 ##$$a Bertino, Andree =245 ##$$a Tomat di antarikka serta cerita lainnya, oleh Andree Bertino =260 ##$$a [S.a] $b Bogor =300 ##$$a 24 hlm, ilus, 19 cm =650 ##$$a Bacaan anak-anak =700 ##$$a Valla, Fredo =850 ##$$a NBPNMAT